It looks like you're offline.
Open Library logo
additional options menu

MARC record from Internet Archive

LEADER: 00615cam a2200217 a 4500
001 2010014547
003 DLC
005 20110408084814.0
008 100416s2010 nyua 000 0 eng
010 $a 2010014547
020 $a9780810997066 (alk. paper)
040 $aDLC$cDLC$dDLC
042 $apcc
050 00 $aPN1997.2.A94$bD86 2010
082 00 $a791.43/72$222
100 1 $aDuncan, Jody.
245 14 $aThe making of Avatar /$cJody Duncan and Lisa Fitzpatrick.
260 $aNew York :$bAbrams,$c2010.
300 $a271 p. :$bcol. ill. ;$c31 cm.
630 00 $aAvatar (Motion picture : 2009)
700 1 $aFitzpatrick, Lisa.